Andy Serkis Filmography - Statistics

General Stats
  • This quiz has been taken 184 times
    13 since last reset
  • The average score is 21 of 179
Answer Stats
Type Year Name % Correct
Audiobook 2020 The Hobbit
89%
Film 2001 The Lord of the Rings: The Fellowship of the Ring
89%
Film | Video Game 2003 The Lord of the Rings: The Return of the King
89%
Film | Video Game 2002 The Lord of the Rings: The Two Towers
89%
Film 2014 Dawn of the Planet of the Apes
78%
Film 2005 King Kong
78%
Video Game 2005 Peter Jackson's King Kong: The Official Game of the Movie
78%
Film 2011 Rise of the Planet of the Apes
78%
Film 2017 War for the Planet of the Apes
78%
Film 2018 Black Panther
67%
Film 2018 Mowgli
67%
Documentary Series 2022 Animal
56%
Film 2025 Animal Farm
56%
Film 2017 Star Wars: The Last Jedi
56%
Film 2012 The Hobbit: An Unexpected Journey
56%
Film 2024 Venom: The Last Dance
56%
Web Series 2022 Andor
44%
Film 2015 Avengers: Age of Ultron
44%
Film 2015 Star Wars: The Force Awakens
44%
Film 2011 The Adventures of Tintin
44%
Film 2006 The Prestige
44%
Film 2023 Luther: The Fallen Sun
33%
Film 2019 Star Wars: The Rise of Skywalker
33%
Film 2022 The Batman
33%
Film 2014 The Hobbit: The Battle of the Five Armies
33%
Film 2027 The Lord of the Rings: The Hunt for Gollum
33%
Film 2004 13 Going on 30
22%
Director 2017 Breathe
22%
Theater 1988, 1998 Macbeth
22%
Film 2027 The Batman Part II
22%
Film 2002 24 Hour Party People
11%
Film 1998 Among Giants
11%
Film 2011 Arthur Christmas
11%
Film 1997 Career Girls
11%
Video Game 2025 Clair Obscur: Expedition 33
11%
Film 2006 Flushed Away
11%
Video Game 2014 Lego The Hobbit
11%
Video Game 2012 Lego The Lord of the Rings
11%
Film 1997 Loop
11%
Film 1997 Mojo
11%
Film 1994 Prince of Jutland
11%
Film 2021 SAS: Red Notice
11%
Film 2010 Sex & Drugs & Rock & Roll
11%
Film 1996 Stella Does Tricks
11%
Film 2006 Stormbreaker
11%
Film 1995 The Near Room
11%
Audiobook 2009 The Screwtape Letters
11%
TV Show 2003, 2024 The Simpsons
11%
Film 1998 The Tale of Sweety Barrett
11%
Film 1999 Topsy-Turvy
11%
Director 2021 Venom: Let There Be Change
11%
Film 2012 Wild Bill
11%
TV Show 2010 Accused
0%
Film 2020 A Christmas Carol
0%
Theater 2001 A Lie of the Mind
0%
TV Mini-Series 2000 Arabian Nights
0%
Documentary Series 2007 Arena
0%
Theater 1987 Berlin Days, Hollywood Nights
0%
Film 2004 Blessed
0%
Short Documentary 2023 Blue Whales: Return of the Giants
0%
Theater 1987 Bouncers
0%
Film 2010 Brighton Rock
0%
Short Documentary 2003 Bringing Gollum to Life
0%
Film 2010 Burke & Hare
0%
Theater 1993 Cabaret
0%
Theater 1985 Class Enemy
0%
Short Film 1998 Clueless
0%
Film 2011 Death of a Superhero
0%
Film 2002 Deathwatch
0%
Theater 1992 Decadence
0%
Theater 1991 Doctor Heart
0%
TV Film 2008 Einstien and Eddington
0%
Video Game 2010 Enslaved: Odyssey to the West
0%
TV Show 2019 Expeditionen
0%
Film 2007 Extraordinary Rendition
0%
Theater 1989 Faust
0%
TV Show 1994 Finney
0%
Film 1999 Five Seconds to Spare
0%
TV Mini-Series 2015 Fungus the Bogeyman
0%
Short Film 2017 Great Performers: Horror Show
0%
TV Show 1994 Grushko
0%
Video Game 2007 Heavenly Sword
0%
Theater 1982 Henry IV
0%
Web Series 2020 Hilda
0%
Film 2024 Hitpig
0%
Web Mini-Series 2020 Home Movie: The Princess Bride
0%
Theater 1997 Hurlyburly
0%
Theater 1992 Hush
0%
Documentary Series 2010 Imagine
0%
Film 2008 Inkheart
0%
Short Film 1998 Insomnia
0%
Short Film 2000 Jump
0%
TV Show 1996 Kavanagh QC
0%
Theater 1993 King Lear
0%
TV Mini-Series 2008 Little Dorrit
0%
Documentary 2012 London: The Modern Babylon
0%
TV Film 2006 Longford
0%
Film 2019 Long Shot
0%
Short Film 2025 LouiMax Dreams of Being an Adult
0%
TV Film 1989 Made in Spain
0%
Documentary Series | TV Show 2007 Monkey Life
0%
Short Film 2015 Monstrous Creature
0%
TV Show 1989 Morris Minor and His Marvellous Motors
0%
Film TBA Mouse Guard
0%
Film 2007 Muybridge
0%
Documentary Series 2011 Natural World
0%
Documentary Mini-Series 2018 Neanderthals: Meet Your Ancestors
0%
TV Show 2009 Never Mind the Buzzcocks
0%
Theater 1988 Oliver
0%
TV Mini-Series 1999 Oliver Twist
0%
Documentary Mini-Series 2020 Once Upon a Time in Iraq
0%
Theater 2002 Othello
0%
Film 2000 Pandaemonium
0%
TV Show 1994 Pie in the Sky
0%
TV Show 2024 Portrait Artist of the Year
0%
Theater 1987 Pravda
0%
Web Series 2020 Princess Bride
0%
Theater 1993 Punchbag
0%
Video Game 2009 Risen
0%
Theater 1983 Rosencrantz & Guildenstern Are Dead
0%
TV Show 1989 Saracen
0%
Theater 1990 She Stoops to Conquer
0%
Film 2000 Shiner
0%
TV Film 1999 Shooting the Past
0%
Documentary Series 2006 Simon Schama's Power of Art
0%
TV Show 2004 Spooks
0%
Video Game 2026 Squadron 42
0%
Short Film 2003 Standing Room Only
0%
Short Film 2006 Stingray
0%
TV Show 1989-1992 Streetwise
0%
Theater 1991 Sugar
0%
Film 2007 Sugarhouse
0%
Short Film 2009 Suicide Man
0%
Documentary 2020 The Animated World of Halas and Batchelor
0%
Audiobook 2019 The Beast of Buckingham Palace
0%
TV Show 1990, 1993 The Bill
0%
Audiobook 2008 The Brightonomicon
0%
Theater 1984 The Bundle
0%
TV Show 1994 The Chief
0%
Audiobook 2014 The Child
0%
Film 2008 The Cottage
0%
Documentary Series 2012 The Dark: Nature's Nighttime World
0%
TV Show 1992 The Darling Buds of May
0%
Film 2002 The Escapist
0%
Short Documentary 2011 The Genius of Andy Serkis
0%
Theater 1988 The Increased Difficulty of Concentration
0%
Film 2000 The Jolly Boys' Last Stand
0%
TV Show 1998 The Jump
0%
Web Series 2020 The Letter for the King
0%
Video Game 2004 The Lord of the Rings: The Battle for Middle-Earth
0%
Video Game 2006 The Lord of the Rings: The Battle for Middle-Earth II - The Rise of the Witch-King
0%
Short Film 2013 The Magnificent Lion Boy
0%
Film TBA The Man Who Saved Paris
0%
TV Show 1989 The New Statesman
0%
TV Show 2017 The Oh My Disney Show
0%
TV Film 1997 The Pale Horse
0%
Theater 1994, 1997 The Rover
0%
Director 2018 The Ruins of Empires
0%
Podcast 2020 The Sandman
0%
Documentary Series 2020 The Savoy
0%
Audiobook 2023 The Silmarillion
0%
Film 2012 The Spider
0%
Short Documentary 2003 The Taming of Sméagol
0%
Theater 1991 The Threepenny Opera
0%
TV Show 1999 Touching Evil
0%
Theater 2023-2024 Ulster American
0%
Theater 1995 Unidentified Human Remains and the True Nature of Love
0%
Video Game 2015 Volume
0%
Video Game 2022 Warhammer 40,000: Chaos Gate - Daemonhunters
0%
Short Documentary 2015 We Are Stars: Planetarium Dome Show
0%
Theater 1983 Welcome Home
0%
Web Series 2021 What If...?
0%
Music Video 1996 Woman
0%
Film 2026 Young Washington
0%
Theater 1991 Your Home in the West
0%
No matching quizzes found
Score Distribution
Percent of People with Each Score
Percentile by Number Answered
Your Score History
You have not taken this quiz since the last reset